FIFA 22 Versus - Statistics

General Stats
  • This quiz has been taken 23 times
    18 since last reset
  • The average score is 8 of 15
Answer Stats
Rating Club Player % Correct
89 Manchester City Gabriel Jesus
100%
86 Liverpool Joe Gomez
70%
87 Sevilla Jules Kounde
70%
88 Manchester United Marcus Rashford
70%
87 Chelsea Christian Pulisic
60%
86 Wolves Adama Traore
50%
86 Ajax Nicolas Tagliafico
50%
85 Borussia Dortmund Nico Schulz
50%
85 Udinese Roberto Pereyra
50%
84 Nice Alexis Claude-Maurice
40%
86 Atletico Madrid Angel Correa
40%
86 Napoli Dries Mertens
40%
87 Real Madrid Federico Valverde
40%
85 Wolfsburg Kevin Mbabu
30%
86 Benfica Everton
20%
No matching quizzes found
Score Distribution
Percent of People with Each Score
Percentile by Number Answered
Your Score History
You have not taken this quiz since the last reset